[Event "Server24Chess 2012"]
[Site "Ortisei ITA"]
[Date "2012.06.06"]
[Round "5"]
[White "Arun Prasad,S"]
[Black "Ulibin,M"]
[Result "1/2-1/2"]
[WhiteElo "2519"]
[BlackElo "2519"]

1.c4 c5 2.Nc3 Nf6 3.Nf3 e6 4.g3 b6 5.Bg2 Bb7 6.O-O Be7 7.d4 cxd4 8.Qxd4 d6
9.Bg5 a6 10.Bxf6 Bxf6 11.Qf4 O-O 12.Rfd1 Be7 13.Ne4 Bxe4 14.Qxe4 Ra7 15.Nd4 Qc8
16.b3 Bf6 17.a4 Rd8 18.Qe3 Qc5 19.Ra2 Rc7  1/2-1/2

[Event "26th Pula Open"]
[Site "Pula CRO"]
[Date "2012.06.09"]
[Round "1.20"]
[White "Loncar,R"]
[Black "Brociner,Beniamino"]
[Result "1/2-1/2"]
[WhiteElo "2396"]
[BlackElo "1968"]

1.Nf3 c5 2.c4 Nf6 3.Nc3 d5 4.cxd5 Nxd5 5.e3 Nc6 6.Bc4 e6 7.O-O Be7 8.d4 Nb6
9.Bd3 cxd4 10.exd4 O-O 11.Be4 Bf6 12.Qd3 g6 13.Bh6 Re8 14.Bxc6 bxc6 15.Ne4 Bh8
16.Rfd1 Nd5 17.Rac1 Qb6 18.Ne5 Bb7 19.Qf3 Re7 20.Nd6 Qc7 21.Nxb7 Qxb7 22.Nxc6 Rc7
23.Ne5 Rxc1 24.Rxc1 Bxe5 25.dxe5 Qxb2 26.Qb3 Qxe5 27.Qb7 Qb8 28.Qa6 Qd8 29.g3 Nb6  1/2-1/2

[Event "OKU Open GpA 2012"]
[Site "Utrecht NED"]
[Date "2012.06.09"]
[Round "3.7"]
[White "Van Den Ouden,Lendert"]
[Black "Muis,G"]
[Result "1/2-1/2"]
[WhiteElo "1990"]
[BlackElo "2124"]

1.Nf3 c5 2.c4 Nf6 3.Nc3 g6 4.g3 Bg7 5.Bg2 O-O 6.d4 cxd4 7.Nxd4 Nc6 8.O-O Qb6
9.Nb3 d6 10.Be3 Qd8 11.c5 Ng4 12.Bf4 e5 13.Bc1 dxc5 14.Qxd8 Nxd8 15.Nxc5 Rb8
16.Nd5 b6 17.Ne7+ Kh8 18.Nxc8 Rxc8 19.Nd3 Nc6 20.h3 Nf6 21.Be3 e4 22.Ne1 Rfe8
23.Rd1 Ng8 24.b3 f5 25.Nc2 Red8 26.f3 Nf6 27.fxe4 fxe4 28.Bg5 Rxd1 29.Rxd1 Ne5
30.Bxf6 Bxf6 31.Bxe4 Rc3 32.Kg2 Kg7 33.Nd4 Re3 34.Bd5 Nd7 35.Kf2 Rc3 36.Nf3 Nc5
37.b4 Na6 38.Bb3 Rc7 39.b5 Nc5 40.Nd4 Bxd4+ 41.Rxd4 Kf6 42.Rf4+ Ke5 43.Rf7 Ne4+
44.Kg2 Rxf7 45.Bxf7 Nd6 46.Bg8 h6 47.a4 Ne4 48.Bb3 g5 49.e3 Nd2 50.Bc2 Kd5
51.Kf2 Kc4 52.Ke2 Kc3 53.Bg6 Nc4 54.Be8 Ne5 55.e4 Kd4 56.Bc6 a5 57.Bd5 h5
58.Bc6 Kc3 59.Be8 Kd4 60.Bxh5 Kxe4 61.Kd2 Nd7 62.Bd1 Kd4 63.h4 Nf6 64.Bc2 g4
65.Bg6 Kc4 66.h5 Kb4 67.h6 Kxa4 68.h7 Nxh7 69.Bxh7 Kxb5 70.Bf5 Kc5 71.Bxg4 a4
72.Be6 Kd4 73.Kc2 Ke4 74.Kc3 Kf3 75.g4 Kf4 76.Kb4 b5 77.Bd7 Kg5 78.Ka3 Kf4
79.Kb4 Kg5 80.Bxb5  1/2-1/2

[Event "TCh-FRA Top 12 2012"]
[Site "Belfort FRA"]
[Date "2012.06.10"]
[Round "11.6"]
[White "Pelletier,Y"]
[Black "Mensch,E"]
[Result "1/2-1/2"]
[WhiteElo "2587"]
[BlackElo "2370"]

1.Nf3 Nf6 2.c4 c5 3.Nc3 d5 4.cxd5 Nxd5 5.e3 e6 6.d4 Nc6 7.Bd3 g6 8.O-O Bg7
9.Nxd5 exd5 10.dxc5 O-O 11.Be2 Re8 12.Nd4 Qe7 13.Nb5 Be6 14.Bd2 Red8 15.Bc3 Bxc3
16.bxc3 Qxc5 17.Nc7 Rab8 18.Nxe6 fxe6 19.Rc1 b5 20.Bd3 Ne5 21.Bb1 Rbc8 22.Re1 Rf8
23.Qd4 Qc7 24.h3 Qg7 25.e4 Rc4 26.Qe3 d4 27.cxd4 Rxd4 28.Qb3 Qf6 29.f4 Rd2
30.Rf1 Nc4 31.e5 Qd8 32.Kh1 Qd5 33.Qg3 Ne3 34.Rg1 Nc4 35.Bxg6 Kh8 36.Qh4 Qb7
37.Rce1 Rd4 38.Rgf1 Nd2 39.Rf2 Qg7 40.Bc2 Nc4 41.Re4 Rd7 42.Ree2 Rd4 43.Re4 Rd7
44.Bb3 Qg6 45.Ree2 Rd4 46.f5 Rxh4 47.fxg6 Rxf2 48.Rxf2 hxg6 49.Rf6 Re4 50.Rxe6 Nxe5
51.Ra6 g5 52.Kh2 Re3 53.Be6 b4 54.Kg1 Nd3 55.Bc4 Ne5 56.Bb3 g4 57.Kf2 Rc3
58.hxg4 Nxg4+ 59.Ke2 Ne3 60.Ra5 a6 61.g3 Kg7 62.Rxa6 Nf5 63.Kd2 Nxg3 64.Re6 Nf1+
65.Ke1 Ne3 66.Re4 Kf6 67.Ke2 Nc2 68.Kd2 Kf5 69.Rh4 Kg5 70.Re4 Kf5 71.Rh4 Kg5
72.Rc4 Rxc4 73.Bxc4 Na3 74.Ba6 Kf4 75.Kc1 Ke3 76.Kb2 Kd4 77.Kb3 Kc5 78.Bd3  1/2-1/2

[Event "TCh-NOR Clubs 2012"]
[Site "Fagernes NOR"]
[Date "2012.06.10"]
[Round "6"]
[White "Tisdall,J"]
[Black "Groenn,A"]
[Result "1/2-1/2"]
[WhiteElo "2428"]
[BlackElo "2377"]

1.Nf3 Nf6 2.c4 c5 3.Nc3 e6 4.e3 d5 5.d4 Nc6 6.a3 cxd4 7.exd4 Be7 8.Bd3 dxc4
9.Bxc4 O-O 10.O-O b6 11.Re1 Bb7 12.Bg5 Nd5 13.Bxd5 Bxg5 14.Be4 Bf6 15.Qc2 g6
16.Rad1 Bg7 17.d5 exd5 18.Bxd5 Qc8 19.Ne4 Na5 20.Qxc8 Raxc8 21.Nd6 Rc7 22.Bxb7 Nxb7
23.Ne8 Rc2 24.Nxg7 Kxg7 25.Re7 Rd8 26.Rde1 Nc5 27.h4 Rxb2 28.Rxa7 Rd7 29.Rxd7 Nxd7
30.Re7 Rb1+ 31.Kh2 Rd1 32.Ne5  1/2-1/2

[Event "1st Grand Europe Open"]
[Site "Golden Sands BUL"]
[Date "2012.06.10"]
[Round "7.21"]
[White "Virovlansky,S"]
[Black "Carlsson,P"]
[Result "1-0"]
[WhiteElo "2445"]
[BlackElo "2531"]

1.Nf3 Nf6 2.c4 c5 3.Nc3 e6 4.g3 b6 5.Bg2 Bb7 6.O-O a6 7.d4 cxd4 8.Qxd4 d6
9.b3 Nbd7 10.Rd1 Be7 11.e4 Qc7 12.Ba3 Nc5 13.e5 dxe5 14.Qxe5 Rc8 15.Qxc7 Rxc7
16.Bc1 Ncd7 17.Bf4 Rc8 18.Ne5 Bxg2 19.Kxg2 b5 20.Nxd7 Nxd7 21.Ne4 Nf6 22.Nd6+ Bxd6
23.Bxd6 bxc4 24.bxc4 Ne4 25.Ba3 Nc5 26.Rd4 O-O 27.Re1 Rfe8 28.Re5 Na4 29.Ra5 e5
30.Rd6 Nc3 31.Rdxa6 Nxa2 32.Bd6 Nc1 33.c5 Nb3 34.Rb5 Nd4 35.Rb7 Nf5 36.Raa7 Nxd6
37.cxd6 Rf8 38.Re7 Rcd8 39.d7 f6 40.Kf3 Rb8 41.Rxg7+ Kh8 42.Rxh7+ Kg8 43.Re7 Rfd8
44.Ra6  1-0

[Event "ch-FIN 2012"]
[Site "Helsinki FIN"]
[Date "2012.06.12"]
[Round "2"]
[White "Maki Uuro,Mi"]
[Black "Nyysti,S"]
[Result "1/2-1/2"]
[WhiteElo "2332"]
[BlackElo "2341"]

1.c4 Nf6 2.Nc3 c5 3.Nf3 e6 4.g3 b6 5.Bg2 Bb7 6.O-O d6 7.d4 cxd4 8.Qxd4 Be7
9.Bg5 O-O 10.Rfd1 h6 11.Bxf6 Bxf6 12.Qe3 Qe7 13.Rac1 Na6 14.b3  1/2-1/2

[Event "26th Pula Open"]
[Site "Pula CRO"]
[Date "2012.06.12"]
[Round "4.15"]
[White "Djurovic,G"]
[Black "Fucak,E"]
[Result "1-0"]
[WhiteElo "2375"]
[BlackElo "2208"]

1.Nf3 Nf6 2.c4 e6 3.Nc3 c5 4.g3 b6 5.Bg2 Bb7 6.O-O Be7 7.Re1 O-O 8.e4 d6
9.d4 cxd4 10.Nxd4 Qc8 11.Be3 Nc6 12.h3 Rd8 13.Rc1 Nxd4 14.Qxd4 Nd7 15.b3 Nc5
16.Qd2 a5 17.f4 Bc6 18.Bf2 Qb7 19.Re2 Rac8 20.Rce1 Bf6 21.Kh2 h6 22.Bg1 Qe7
23.Nd5 Bxd5 24.cxd5 e5 25.f5 Rd7 26.h4 Rdc7 27.Bf2 Qd7 28.Rc1 Qb5 29.Rc4 Bd8
30.Bf1 Nb7 31.Re1 Rxc4 32.Bxc4 Qd7 33.Qe2 Nc5 34.Bb5 Qe7 35.Rc1 Rb8 36.Rg1 Rc8
37.g4 f6 38.Rc1 Rb8 39.Rc3 Qa7 40.Qc2 Kf7 41.a3 Ke7 42.Kg2 Ra8 43.Bc6 Rc8
44.Bb5 Ra8 45.Kf3 Kf8 46.Be3 Rb8 47.b4 axb4 48.axb4 Qa1 49.Qc1 Qa2 50.Rc2 Qb3
51.Qb2  1-0

[Event "16th Voronezh Master Open"]
[Site "Voronezh RUS"]
[Date "2012.06.18"]
[Round "6.25"]
[White "Predke,A"]
[Black "Samojlov,A"]
[Result "1-0"]
[WhiteElo "2454"]
[BlackElo "2290"]

1.c4 c5 2.Nf3 Nf6 3.Nc3 b6 4.g3 Bb7 5.Bg2 g6 6.O-O Bg7 7.d4 cxd4 8.Qxd4 d6
9.b3 Nbd7 10.Bb2 a6 11.Rfd1 Rc8 12.Ne1 Bxg2 13.Nxg2 O-O 14.Ne3 Nc5 15.Ncd5 b5
16.Nxe7+ Qxe7 17.Nd5 Qe5 18.Qxe5 dxe5 19.Ne7+ Kh8 20.Nxc8 Rxc8 21.cxb5 axb5
22.Rac1 b4 23.Rc4 h5 24.Bxe5 Nfe4 25.Bxg7+ Kxg7 26.Rd5 Ra8 27.f3 Rxa2 28.fxe4 Ne6
29.Kf2 h4 30.gxh4 Nf4 31.Rd7 Kf6 32.Rxb4 Nxe2 33.Ke3  1-0

[Event "16th Voronezh Master Open"]
[Site "Voronezh RUS"]
[Date "2012.06.21"]
[Round "9.22"]
[White "Zakhartsov,Vi"]
[Black "Demianjuk,A"]
[Result "1-0"]
[WhiteElo "2562"]
[BlackElo "2300"]

1.Nf3 Nf6 2.c4 c5 3.Nc3 e6 4.g3 b6 5.Bg2 Bb7 6.O-O Be7 7.d4 cxd4 8.Qxd4 d6
9.Bg5 a6 10.Bxf6 Bxf6 11.Qf4 O-O 12.Rfd1 Be7 13.Ne4 Bxe4 14.Qxe4 Ra7 15.Nd4 Rc7
16.b3 Re8 17.Rd2 Bf8 18.Rad1 Nd7 19.Qb1 g6 20.a4 Rc5 21.Qa2 Qc7 22.e3 Rc8
23.h3 Qd8 24.Bb7 R8c7 25.Bxa6 Qa8 26.Bb5 Rh5 27.h4 g5 28.Bxd7 Rxd7 29.f4 e5
30.Nf5 Qf3 31.Rf1 Qg4 32.fxg5 h6 33.Qc2 hxg5 34.Qd1 Qxd1 35.Rdxd1 gxh4 36.gxh4 f6
37.Kg2 Kf7 38.e4 Ke6 39.Rd5 Rhh7 40.Kh3 Be7 41.Rg1 Kf7 42.Rgd1 Ke6 43.R1d3 Rh8
44.Rg3 Rh7 45.Rg7 Rxg7 46.Nxg7+ Kf7 47.Nf5 Ke6 48.h5 Rd8 49.Rd3 Rh8 50.Kh4 Bf8
51.Rg3 Rh7 52.Rg6 Kf7 53.Rg2 Ke6 54.Rg3 Rh8 55.Kg4 Rg8+ 56.Kf3 Rh8 57.Rh3 Bh6
58.Nxh6 Rxh6 59.Kg4 Kf7 60.Kf5 Ke7 61.b4 Kf7 62.a5 bxa5 63.bxa5 Rh8 64.h6 Rg8
65.Rh5  1-0

[Event "TCh-CHN 2012"]
[Site "Taizhou CHN"]
[Date "2012.06.27"]
[Round "5"]
[White "Liu,Chang"]
[Black "Ma,Zhonghan"]
[Result "1/2-1/2"]
[WhiteElo "2262"]
[BlackElo "2369"]

1.c4 Nf6 2.Nc3 c5 3.Nf3 e6 4.g3 b6 5.Bg2 Bb7 6.O-O Be7 7.Re1 d5 8.cxd5 Nxd5
9.Nxd5 Bxd5 10.d4 cxd4 11.Nxd4 Bxg2 12.Kxg2 O-O 13.Be3 Qd5+ 14.Nf3 Qb7 15.Qa4 Nd7
16.Rac1 Bc5 17.Bxc5 Nxc5 18.Qf4 Rac8 19.Rc3 Nd7 20.Rec1 Rxc3 21.Rxc3 Rc8
22.Rxc8+ Qxc8 23.Qd6 Qb7 24.Kg1 h6 25.Nd4 Nf6 26.f3 Qa6 27.a3 Qc4 28.Kf2 Nd5
29.Nc6 Qb3 30.Ne7+ Nxe7 31.Qxe7 Qxb2 32.Qxa7 Qd4+ 33.Kg2 Qc5 34.Qa8+ Kh7
35.Qe4+ Kg8 36.a4 g6 37.h4 h5 38.f4 Qc7 39.Qd4 b5 40.axb5 Qb7+  1/2-1/2

[Event "40th TCh-GRE 2012"]
[Site "Achaea GRE"]
[Date "2012.07.01"]
[Round "2.1"]
[White "Skembris,S"]
[Black "Kazakos,E"]
[Result "1-0"]
[WhiteElo "2460"]
[BlackElo "2124"]

1.c4 c5 2.Nf3 Nf6 3.Nc3 e6 4.g3 b6 5.Bg2 Bb7 6.O-O Be7 7.d4 cxd4 8.Qxd4 d6
9.Rd1 a6 10.b3 Nbd7 11.Nd2 Bxg2 12.Kxg2 Rc8 13.Nde4 Rc6 14.Ba3 Nc5 15.Bxc5 dxc5
16.Qe3 Qc8 17.f3 O-O 18.Rd3 Rc7 19.Rad1 Qb7 20.a4 h6 21.h4 Nd7 22.Nd6 Bxd6
23.Rxd6 Nb8 24.a5 bxa5 25.Na4 Qa7 26.g4 Nc6 27.Qxc5 Qxc5 28.Nxc5 Nb4 29.Nxa6 Nxa6
30.Rxa6 Rb8 31.Rd3 Rcb7 32.Rxa5 Rxb3 33.Rxb3 Rxb3 34.Ra8+ Kh7 35.c5 Rc3 36.Rc8 Kg6
37.c6 Kf6 38.Kg3 g6 39.Kf4 Rc4+ 40.Ke3 e5 41.Kd3 Rc1 42.e3 Ke6 43.h5 gxh5
44.gxh5 Kf6 45.Ke4 Rc5 46.c7 Kg7 47.Kf5 Rc3 48.Kxe5 Rxe3+ 49.Kd4  1-0

[Event "40th TCh-GRE 2012"]
[Site "Achaea GRE"]
[Date "2012.07.01"]
[Round "3.14"]
[White "Vlahos,K"]
[Black "Hadzimanolis,A"]
[Result "1-0"]
[WhiteElo "2243"]
[BlackElo "2290"]

1.c4 Nf6 2.Nc3 c5 3.Nf3 d5 4.cxd5 Nxd5 5.e4 Nb4 6.Bc4 Nd3+ 7.Ke2 Nf4+ 8.Kf1 Ne6
9.Nd5 g6 10.d4 Bg7 11.dxc5 O-O 12.Be3 Bxb2 13.h4 Nd7 14.h5 Ndxc5 15.Ng5 b5
16.hxg6 hxg6 17.Bxc5 Nxc5 18.Nf6+ Kg7 19.Nh5+ gxh5 20.Qxh5 Qb6 21.Qh7+ Kf6
22.Qh6+ Ke5 23.Nf3+  1-0

[Event "XXI Adolf Anderssen Mem KO"]
[Site "Wroclaw POL"]
[Date "2012.07.01"]
[Round "1.1"]
[White "Krasenkow,M"]
[Black "Kasparov,S"]
[Result "0-1"]
[WhiteElo "2633"]
[BlackElo "2493"]

1.Nf3 Nf6 2.c4 c5 3.Nc3 b6 4.e4 d6 5.d4 cxd4 6.Nxd4 Bb7 7.Bd3 e6 8.O-O a6
9.f4 Nbd7 10.f5 e5 11.Nc2 h5 12.Bg5 Be7 13.Bxf6 Nxf6 14.Ne3 O-O 15.Ned5 Bxd5
16.Nxd5 Nxd5 17.cxd5 h4 18.Rc1 b5 19.Rc6 Bg5 20.Qc2 Qf6 21.Kh1 Be3 22.Rf3 Bd4
23.Qc1 Rfd8 24.b3 Bc5 25.Rh3 b4 26.Qe1 a5 27.Bb5 Rab8 28.Ba4 Rbc8 29.Rxh4 Rxc6
30.dxc6 Bb6 31.Bb5 d5 32.exd5 Rxd5 33.Bc4 Qxh4  0-1

[Event "20th Montcada Open"]
[Site "Montcada i Reixac ESP"]
[Date "2012.07.03"]
[Round "9.8"]
[White "Herraiz Hidalgo,H"]
[Black "Perez Mitjans,O"]
[Result "1/2-1/2"]
[WhiteElo "2489"]
[BlackElo "2471"]

1.Nf3 g6 2.c4 Nf6 3.Nc3 c5 4.d4 cxd4 5.Nxd4 Bg7 6.e4 d6 7.Be2 O-O 8.O-O Nc6
9.Be3 Bd7 10.Nc2 Qa5 11.f3 Rfc8 12.Qd2 Be6 13.Rac1 Nd7 14.b4 Qd8 15.Nd5 a5
16.b5 Nce5 17.Nd4 Nc5 18.Rc2 a4 19.Rb1 Bxd5 20.cxd5 h5 21.g3 Kh7 22.Bf1 Qf8
23.Bh3 Rd8 24.Qe2 Bh6 25.f4 Ned7 26.Bf2 Nf6 27.Bg2 Rdc8 28.Rb4 Qd8 29.Rbc4 Ng4
30.Bh3 Nxf2 31.Bxc8 Qxc8 32.Qxf2 Qd7 33.e5 Bg7 34.Nf3 Qxb5 35.e6 f5 36.Rxc5 dxc5
37.Qxc5 Qd3 38.Rf2 Ra5 39.Qc8 Rxd5  1/2-1/2

[Event "ch-Pan Americano U20 2012"]
[Site "Sao Paulo BRA"]
[Date "2012.07.03"]
[Round "8.16"]
[White "Japiassu,R"]
[Black "De Almeida,H"]
[Result "0-1"]
[WhiteElo "1903"]
[BlackElo "2033"]

1.Nf3 Nf6 2.c4 c5 3.Nc3 e6 4.g3 b6 5.Bg2 Bb7 6.O-O Be7 7.Rb1 O-O 8.a3 Qc8
9.d3 Nc6 10.Ne1 Rd8 11.Nc2 d5 12.cxd5 exd5 13.Bg5 Qf5 14.Bxf6 Bxf6 15.Ne3 Qg5
16.Nexd5 Bd4 17.Qc1 Qe5 18.Qf4 Bxc3 19.Nxc3 Qxf4 20.gxf4 Rd4 21.Be4 Na5 22.Nb5 Rd7
23.Bxb7 Nxb7 24.Rfd1 a6 25.Nc3 Rad8 26.Kf1 Rd4 27.b4 b5 28.bxc5 Nxc5 29.Rb4 g6
30.Rdb1 Ne6 31.f5 gxf5 32.Rxd4 Rxd4 33.Rb4 Rd6 34.Ke1 Nd4 35.Kd2 Kg7 36.a4 bxa4
37.Nxa4 Ne6 38.Rb6 Rxb6 39.Nxb6 Kf6 40.Ke3 Ke5 41.f4+ Kd6 42.d4 Nc7 43.Nc8+ Ke6
44.Kf3 Nb5 45.e3 Nc3 46.Nb6 a5 47.Kf2 a4 48.Nc4 Nb5 49.d5+ Kd7 50.e4 fxe4
51.Ke3 f5 52.Kd2 Nd4 53.Ne3 Kd6 54.Kc3 Ne2+ 55.Kc4 Nxf4 56.Nxf5+ Ke5 57.Nd4 Nxd5  0-1

[Event "40th TCh-GRE 2012"]
[Site "Achaea GRE"]
[Date "2012.07.05"]
[Round "7.5"]
[White "Kanellopoulos,P"]
[Black "Kazakos,E"]
[Result "0-1"]
[WhiteElo "2248"]
[BlackElo "2124"]

1.Nf3 Nf6 2.c4 c5 3.Nc3 e6 4.g3 b6 5.Bg2 Bb7 6.O-O Be7 7.d4 cxd4 8.Qxd4 d6
9.Rd1 a6 10.Ng5 Bxg2 11.Kxg2 O-O 12.Nce4 Ne8 13.Qd3 g6 14.Nf3 f5 15.Neg5 Qc8
16.Qe3 Ng7 17.b3 h6 18.Nh3 g5 19.Qxb6 g4 20.Bxh6 gxh3+ 21.Kxh3 Qe8 22.Kg2 Nd7
23.Qc6 Rd8 24.Qxa6 Qh5 25.Be3 Kf7 26.Rd2 Rh8 27.h4 e5 28.Rxd6 Bxd6 29.Qxd6 f4
30.Bd2 Qf5 31.Qd5+ Kg6 32.Ba5 Rde8 33.Bc7 Nh5 34.Rd1 Nhf6 35.Qc6 Re6 36.Qb5 Re7
37.Bd6 Rg7 38.Bxe5 fxg3 39.Bxg3 Qxb5 40.cxb5 Re8 41.Kf1 Ne4 42.Bc7 Nc3 43.Rd6+ Kh7
44.a4 Rxe2 45.Rc6 Rc2 46.Ng5+ Kg8 47.Be5 Rxg5 48.hxg5 Nxe5 49.Rc7 Nd3 50.Kg2 Rxf2+
51.Kh3 Nd5 52.Rd7 N5f4+ 53.Kg3 Rg2+ 54.Kf3 Ne5+ 55.Kxf4 Nxd7 56.Ke4 Nc5+
57.Kd5 Nxb3 58.Kc6 Rb2 59.b6 Ra2  0-1

[Event "ch-BEL Experts 2012"]
[Site "Lommel BEL"]
[Date "2012.07.05"]
[Round "6.5"]
[White "Malakhatko,V"]
[Black "Beukema,S"]
[Result "1-0"]
[WhiteElo "2526"]
[BlackElo "2292"]

1.Nf3 Nf6 2.c4 c5 3.Nc3 e6 4.e3 b6 5.a3 Be7 6.d4 cxd4 7.exd4 d5 8.cxd5 Nxd5
9.Bb5+ Bd7 10.Bd3 Nxc3 11.bxc3 Nc6 12.O-O O-O 13.Qe2 Bf6 14.h4 Ne7 15.Qe4 g6
16.Ne5 Rc8 17.Bd2 Bc6 18.Nxc6 Rxc6 19.a4 Nd5 20.Rfc1 Bxh4 21.c4 f5 22.Qf3 Ne7
23.d5 Rd6 24.Bb4 Bf6 25.Rab1 Rd7 26.Bc2 e5 27.a5 Re8 28.Ba4 Nc8 29.c5 e4
30.Qb3 bxc5 31.Bxc5 Be5 32.d6+ Kh8 33.Bxd7 Qxd7 34.Qd5 Nxd6 35.Rd1 Re6 36.Bxd6 Bxd6
37.Rb8+  1-0

[Event "1st ITT LXSBC 2012"]
[Site "Sao Bernardo do Campo BRA"]
[Date "2012.07.05"]
[Round "5.3"]
[White "Zampronha,W"]
[Black "Maia,L"]
[Result "0-1"]
[WhiteElo "2207"]
[BlackElo "2279"]

1.c4 Nf6 2.Nc3 c5 3.Nf3 e6 4.d4 cxd4 5.Nxd4 Bb4 6.Nb5 a6 7.Nd6+ Ke7 8.Nxc8+ Qxc8
9.Qd3 d5 10.cxd5 Nxd5 11.Bg5+ f6 12.Bd2 Nxc3 13.bxc3 Bd6 14.Rb1 Nd7 15.e3 Qc6
16.f3 b5 17.Rd1 Rac8 18.Qb1 Ne5 19.Bd3 Nxd3+ 20.Qxd3 Qc4 21.Qxc4 Rxc4 22.Rb1 Be5
23.Rb3 Rhc8 24.Ra3 Bxc3 25.Rxa6 Bxd2+ 26.Kxd2 Rd8+  0-1

[Event "34th Oberwart Open A"]
[Site "Oberwart AUT"]
[Date "2012.07.07"]
[Round "1.5"]
[White "Saric,A"]
[Black "Hofmann,T"]
[Result "1-0"]
[WhiteElo "2503"]
[BlackElo "2082"]

1.Nf3 c5 2.c4 Nf6 3.Nc3 e6 4.e4 d6 5.d4 cxd4 6.Nxd4 a6 7.Be2 Be7 8.O-O O-O
9.Be3 Nbd7 10.a4 Qc7 11.a5 b6 12.Nb3 Rb8 13.axb6 Nxb6 14.Na5 Nbd7 15.Qc2 Ne5
16.Rfc1 Neg4 17.Bf4 Qb6 18.Bxg4 Nxg4 19.Qe2 Nf6 20.c5 Qxb2 21.Nc6  1-0

[Event "5th Int ch-Central Serbia 2012"]
[Site "Paracin SRB"]
[Date "2012.07.07"]
[Round "3.32"]
[White "Nikolic,Dragov"]
[Black "Stojkovska,M"]
[Result "1-0"]
[WhiteElo "2261"]
[BlackElo "1909"]

1.Nf3 Nf6 2.c4 c5 3.Nc3 b6 4.g3 Bb7 5.Bg2 g6 6.O-O Bg7 7.d4 cxd4 8.Nxd4 Bxg2
9.Kxg2 Qc8 10.Qd3 Qb7+ 11.e4 O-O 12.f3 d6 13.Bg5 Nbd7 14.Nd5 Rfe8 15.Bxf6 Nxf6
16.Rac1 a5 17.b3 Nd7 18.Nb5 Nc5 19.Qe3 Rac8 20.Rcd1 Rc6 21.Rf2 a4 22.f4 Bh6
23.Qf3 Nd7 24.g4 Bg7 25.g5 axb3 26.axb3 Rcc8 27.e5 Kh8 28.exd6 e6 29.Ndc7 Qxf3+
30.Kxf3 Rf8 31.Na7 Rb8 32.Nc6 Rbc8 33.Kg2 h6 34.h4 h5 35.Re2 Kh7 36.b4 Bc3
37.Rd3 Bg7 38.Ne5 Bxe5 39.fxe5 Rfd8 40.Kf3 Kg7 41.Ke4 Kf8 42.Rf3 Kg8 43.Ref2 Rf8
44.Rc2  1-0

[Event "7th Wroclaw Open A"]
[Site "Wroclaw POL"]
[Date "2012.07.07"]
[Round "6.8"]
[White "Somyk,M"]
[Black "Laurusas,T"]
[Result "1/2-1/2"]
[WhiteElo "1979"]
[BlackElo "2409"]

1.Nf3 Nf6 2.c4 c5 3.Nc3 e6 4.g3 b6 5.Bg2 Bb7 6.O-O Be7 7.b3 O-O 8.Bb2 d6
9.e3 Nbd7 10.d4 cxd4 11.exd4 d5 12.Ne5 Rc8 13.cxd5 exd5 14.Qd3 Re8 15.Rfe1 Bd6
16.Nb5 Bb8 17.Bh3 a6 18.Nc3 Bxe5 19.dxe5 Nxe5 20.Rxe5 Rxe5 21.Bxc8 Qxc8 22.Nb5 Rh5
23.Bxf6 axb5 24.Qe2 Rh6 25.Bd4 Qd7 26.Qe5 Rg6 27.Rc1 Qd6 28.Qe8+ Qf8 29.Qd7 Ba6
30.Re1 Rd6 31.Qxd6 Qxd6 32.Re8+ Qf8 33.Rxf8+ Kxf8 34.f4  1/2-1/2

[Event "16th Godesburg Open"]
[Site "Bad Godesberg GER"]
[Date "2012.07.08"]
[Round "2.15"]
[White "Boysen,Christopher"]
[Black "Evers,L"]
[Result "0-1"]
[WhiteElo "1851"]
[BlackElo "2117"]

1.Nf3 Nf6 2.c4 c5 3.Nc3 b6 4.d4 cxd4 5.Nxd4 Bb7 6.Qc2 e6 7.Bf4 a6 8.e4 d6
9.Bg5 Be7 10.Rd1 Nbd7 11.Be2 O-O 12.Bf3 Ne5 13.Be2 Qc7 14.b3 Rac8 15.f4 Nc6
16.Nxc6 Bxc6 17.O-O b5 18.c5 dxc5 19.e5 Nd5 20.Nxd5 Bxd5 21.Bd3 h6 22.Bh7+ Kh8
23.Rd3 c4 24.Rh3 cxb3 25.Qd3 Bxg5 26.fxg5 Qc5+ 27.Kh1 Bc4 28.Qg3 Bxf1 29.gxh6 gxh6
30.Bc2 Bxg2+ 31.Qxg2 Qe3 32.Rxe3 bxc2 33.Qh3 c1=Q+ 34.Kg2 Rg8+ 35.Kf3 Qxe3+
36.Kxe3 Rc3+  0-1

[Event "NIKI Open 2012"]
[Site "Nachod CZE"]
[Date "2012.07.08"]
[Round "9.10"]
[White "Krejci,Jan1"]
[Black "Neoral,A"]
[Result "0-1"]
[WhiteElo "2205"]
[BlackElo "2163"]

1.Nf3 Nf6 2.c4 c5 3.Nc3 g6 4.g3 Nc6 5.d4 cxd4 6.Nxd4 d6 7.Bg2 Bd7 8.O-O Bg7
9.b3 O-O 10.Bb2 Qb6 11.e3 Rfe8 12.Qd2 Qa5 13.Rad1 Rac8 14.Rfe1 Qh5 15.Nd5 Nxd5
16.Bxd5 Bxd4 17.Bxd4 b6 18.Bg2 Bg4 19.Rc1 Bf3 20.e4 Bxg2 21.Kxg2 Nxd4 22.Qxd4 Qa5
23.Qc3 Qxc3 24.Rxc3 Rc7 25.Rd3 f6 26.Re2 Kf7 27.f4 Rec8 28.e5 dxe5 29.fxe5 f5
30.Kf3 Ke6 31.Rd5 Rc5 32.Rd3 h6 33.h4 R8c7 34.Rd4 Rc8 35.Kf4 R5c7 36.Rd1 Rc6
37.Re3 Rc5 38.Rd2 a5 39.g4 fxg4 40.Kxg4 Rf8 41.a3 a4 42.Rd4 Rfc8 43.Rc3 Kxe5
44.Rf4 axb3 45.Rxb3 Rxc4 46.Rb5+  0-1

[Event "Werner-Ott-Open 2012"]
[Site "Berlin GER"]
[Date "2012.07.10"]
[Round "4.6"]
[White "Bjarnehag,P"]
[Black "Krefenstein,Sergej"]
[Result "1/2-1/2"]
[WhiteElo "2177"]
[BlackElo "2038"]

1.Nf3 c5 2.c4 Nf6 3.Nc3 e6 4.g3 b6 5.Bg2 Bb7 6.d4 cxd4 7.Qxd4 Nc6 8.Qf4 Bb4
9.Bd2 O-O 10.O-O Be7 11.e4 d6 12.Rfd1 Rc8 13.Rac1 Rc7 14.b3 Rd7 15.Be1 Qb8
16.h3 a6 17.Qe3 Ba8 18.Bf1 Re8 19.Nd4 Nxd4 20.Qxd4 d5 21.exd5 exd5 22.Bg2 Bc5
23.Qh4 dxc4 24.bxc4 Bxg2 25.Kxg2 Qb7+ 26.f3 Rde7 27.Bf2 Be3 28.Rc2 Qc6 29.Nd5 Nxd5
30.Rxd5 Bxf2 31.Rxf2 b5 32.Qd4 bxc4 33.Rc5 Qb6 34.Qxc4 Re1 35.Rc8 h6 36.Rxe8+ Rxe8
37.Re2  1/2-1/2

[Event "St. Pauli Open 2012"]
[Site "Hamburg GER"]
[Date "2012.07.10"]
[Round "4.6"]
[White "Wendt,J"]
[Black "Rossen,C"]
[Result "1-0"]
[WhiteElo "2367"]
[BlackElo "2223"]

1.Nf3 c5 2.c4 Nf6 3.Nc3 d5 4.cxd5 Nxd5 5.g3 Nc6 6.Bg2 Bg4 7.Qa4 Bxf3 8.Bxf3 e6
9.O-O Be7 10.d4 cxd4 11.Nxd5 exd5 12.Qb3 Qd7 13.Bxd5 O-O 14.Rd1 Bf6 15.e4 dxe3
16.Bxe3 b6 17.Be4 Qe8 18.Qd5 Bxb2 19.Qxc6 Rc8 20.Qxe8 Rfxe8 21.Rab1  1-0

[Event "Int Open ch-SVK 2012"]
[Site "Banska Stiavnica SVK"]
[Date "2012.07.11"]
[Round "5.12"]
[White "Jurcik,Mari"]
[Black "Skara,V"]
[Result "1-0"]
[WhiteElo "2492"]
[BlackElo "2216"]

1.Nf3 Nf6 2.c4 c5 3.Nc3 b6 4.e4 Bb7 5.e5 Ne4 6.Nb1 f6 7.d3 Ng5 8.Nxg5 fxg5
9.Bxg5 Qc7 10.f4 Nc6 11.Qd2 h6 12.Bh4 g5 13.fxg5 hxg5 14.Bg3 O-O-O 15.Nc3 Nd4
16.Nb5 Nxb5 17.cxb5 Bd5 18.O-O-O Bxa2 19.Qc3 Be6 20.Be2 Bg7 21.Bf3 g4 22.Be4 Rh5
23.Rhe1 Kb8 24.d4 cxd4 25.Qxc7+ Kxc7 26.Bg6 Rg5 27.Bc2 Bh6 28.Rxd4 Rc8 29.Kb1 Kd8
30.Bf4 Rxc2 31.Kxc2 Rh5 32.Bg3 Kc7 33.Ra4 Kb7 34.Rea1 a5 35.bxa6+ Ka7 36.Rf1 Bg7
37.Re1 Rh8 38.Kb1 Rc8 39.Ra3 Bf5+ 40.Ka1 Rc2 41.Bf4 d6 42.h3 gxh3 43.gxh3 Be6
44.Rc1 Rxc1+ 45.Bxc1 Bxe5 46.Bg5 Bc4 47.Bxe7 Bxa6 48.h4 Kb7 49.h5 Kc6  1-0

[Event "2nd Polugaevsky Mem"]
[Site "Samara RUS"]
[Date "2012.07.12"]
[Round "8.5"]
[White "Ovetchkin,R"]
[Black "Smirnov,Alexey"]
[Result "1-0"]
[WhiteElo "2501"]
[BlackElo "2414"]

1.Nf3 c5 2.c4 Nf6 3.Nc3 e6 4.g3 b6 5.Bg2 Bb7 6.O-O a6 7.b3 Qc7 8.Bb2 Be7
9.Rc1 O-O 10.e3 d6 11.Qe2 Nbd7 12.d3 Rac8 13.Ne1 d5 14.cxd5 Nxd5 15.Nxd5 Bxd5
16.Bxd5 exd5 17.Ng2 Bf6 18.d4 Rfe8 19.Nf4 Qc6 20.Qh5 g5 21.Nh3 h6 22.Qxh6 Be7
23.Qh5 Qg6 24.Qxg6+ fxg6 25.dxc5 bxc5 26.Rfd1 Nb6 27.Kg2 Kf7 28.g4 Bf6 29.Bxf6 Kxf6
30.Ng1 a5 31.Nf3 Re4 32.Kg3 a4 33.Rd3 Rb4 34.Rdc3 axb3 35.axb3 c4 36.Nd4 Nd7
37.bxc4 dxc4 38.Nf3 Nb6 39.Rd1 Na4 40.Rcc1 c3 41.Rd6+ Ke7 42.Rxg6 Nc5 43.Nd4 Nd3
44.Rc2 Rxd4 45.exd4 Nb4 46.Re2+ Kf7 47.Rxg5 c2 48.Rxc2 Nxc2 49.Rc5 Rxc5 50.dxc5 Nd4
51.h4  1-0

[Event "Int Open ch-SVK 2012"]
[Site "Banska Stiavnica SVK"]
[Date "2012.07.13"]
[Round "7.3"]
[White "Ftacnik,L"]
[Black "Petrik,T"]
[Result "1-0"]
[WhiteElo "2516"]
[BlackElo "2536"]

1.Nf3 Nf6 2.c4 e6 3.Nc3 c5 4.g3 b6 5.Bg2 Bb7 6.O-O Be7 7.d4 cxd4 8.Qxd4 d6
9.Bg5 a6 10.Bxf6 Bxf6 11.Qf4 Bxf3 12.exf3 Ra7 13.Rfd1 Rd7 14.Ne4 Be7 15.Qe3 O-O
16.f4 g6 17.Rac1 Qc7 18.h4 h5 19.f5 exf5 20.Nc3 Qc5 21.Qh6 Qe5 22.Re1 Qg7
23.Qd2 Bf6 24.b4 Rdd8 25.Nd5 Nd7 26.Red1 Kh7 27.Rc2 Be5 28.Kf1 Rb8 29.f4 Bf6
30.Nc7 a5 31.a3 axb4 32.axb4 Rfd8 33.Na6 Rbc8 34.Bb7 Nf8 35.Bxc8 Rxc8 36.Qg2 Ne6
37.Qb7 Re8 38.Nc7 Nxc7 39.Qxc7 Bc3 40.Rxc3 Qxc3 41.Qxf7+ Kh6 42.Qxe8 Qf3+
43.Ke1 Qxg3+ 44.Ke2 Qc3 45.Qf8+ Kh7 46.Qxd6 Qxc4+ 47.Kf2 Qe4 48.Qc7+ Kh6
49.Rd7  1-0

[Event "11th La Fere Open"]
[Site "La Fere FRA"]
[Date "2012.07.13"]
[Round "8.4"]
[White "Arnaudov,G"]
[Black "Waquet,F"]
[Result "1-0"]
[WhiteElo "2486"]
[BlackElo "1966"]

1.Nf3 Nf6 2.c4 c5 3.Nc3 e6 4.g3 b6 5.Bg2 Bb7 6.O-O Be7 7.Re1 d6 8.e4 Nbd7
9.d4 cxd4 10.Nxd4 Qb8 11.f4 O-O 12.e5 dxe5 13.fxe5 Ne8 14.Nc6 Bc5+ 15.Be3 Bxe3+
16.Rxe3 Bxc6 17.Bxc6 Nxe5 18.Rxe5 Qxe5 19.Bxa8 Qc5+ 20.Kh1 Qxc4 21.Bf3 Nf6
22.Qe2 Qc5 23.Rd1 Rc8 24.Qa6 Rf8 25.Kg2 Qb4 26.Rd2 Qe7 27.Qb7 Qxb7 28.Bxb7 Rb8
29.Ba6 g6 30.Kf3 Kg7 31.a3 h6 32.Rd6 h5 33.h4 Ng4 34.Ne4 Ne5+ 35.Kf4 f6 36.Rxe6 Kf7  1-0